1503 1451 1288 1304 1480 1267 1358 1071 1620 1628 1536 1438 1232 1327 1943 1664 1640 1582 1423 1211 1340 1367 1927 1207 1477 1033 1647 1291 1225 1855 1020 1613 1633 1590 1080 1959 1281 1118 1763 1754 1160 1253 1259 1686 1163 1652 1059 1844 1459 1748 1235 1960 1031 1723 1403 1034 1265 1370 1833 1008 1597 1179 1925 1349 1457 1923 1804 1207 1960 1630 1408 1926 1954 1198 1353 1783 1868 1607 1985 1176 1052 1133 1981 1692 1272 1302 1988 1354 1525 1728 1760 1828 1471 1420 1391 1898 1694 1300 1372 BCNSPRNW ULIB Ver.6.0+V

เปลี่ยนเป็นภาษาไทย

Change to English
 แสดงรายละเอียดบรรณานุกรม
  กลับหน้าหลัก

Brief Record : Get Marc (ISO 2709) : E-mail record : QR code < ปิดหน้าต่าง
LEADER : 00000nam 2200000uu 4500
001    13399110433
003     ULIB
008    110530s2011||||th 000 0 eng d
020    1609133658
060 04 WY100^bT239f 2011
100 1  Taylor, Carol
245 10 Fundamentals of nursing :^bthe art & science of nursingcare /^cCarol Taylor, Carol Lillis, Priscilla LeMone
250    7th ed.
260    Philadelphia :^bLippincott,^c2011
300    xxxv, 1673 p. :^bcol. ill. ;^c29 cm.
504    Includes bibliographical references and index
650  2 Nursing
650  2 Health Promotion
650  2 Nursing Process
700 1  Lillis, Carol
700 1  LeMone, Priscilla
945    ^p2680^l0^i030091
995    Kesorn
999 ^a ใช้งานได้ทุกระบบ
รายการนี้ยังไม่มีแท็ก
คุณยังไม่ได้ล็อกอิน คุณสามารถมีกิจกรรมร่วมกับเว็บไซต์ได้ แต่ต้องล็อกอินก่อน ::
  ล็อกอิน

รายการสื่อสารสนเทศ

ลำดับที่ ประเภท เลขเรียก/บาร์โค้ด สถานที่ สถานะ
- ไม่พบข้อมูล -

รายการใกล้เคียง
    ผู้แต่ง [Taylor, Carol]

    หัวเรื่อง [Nursing]
    หัวเรื่อง [Health Promotion]
    หัวเรื่อง [Nursing Process]

BibComment


ยังไม่เคยถูกคอมเมนท์

คอมเมนท์ทรัพยากรรายการนี้
  คอมเมนท์: Fundamentals of n..


 Copyright 2026. Bcnsprnw @Library